[Event "YUG-ch"]
[Site "Podgorica"]
[Date "1996.??.??"]
[Round "5"]
[White "Ilincic, Zlatko"]
[Black "Karaklajic, Nikola"]
[Result "1-0"]
[WhiteElo "2555"]
[BlackElo "2400"]
[Annotator "Lutz,C"]
[PlyCount "59"]
[EventDate "1996.02.??"]
[EventType "tourn"]
[EventRounds "15"]
[EventCountry "YUG"]
[EventCategory "9"]
[SourceTitle "CBM 053"]
[Source "ChessBase"]
[SourceDate "1996.08.01"]
[SourceVersion "1"]
[SourceVersionDate "1996.08.01"]
[SourceQuality "1"]

1. d4 {Ftacnik} d5 2. c4 e6 3. Nc3 c6 4. e3 Nf6 5. Nf3 Nbd7 6. Bd3 a6 7. O-O
dxc4 8. Bxc4 b5 9. Bb3 Bb7 10. e4 b4 (10... c5 {Ftacnik} 11. e5 cxd4 12. Qxd4
Bc5 13. Qf4 Nh5 (13... b4 14. exf6 bxc3 15. fxg7 Rg8 16. Ba4 Rxg7 {1-0 Larsen,
B-Wilder,M/London WFW/1989/}) 14. Qg4 g6 15. Ne4 Ng7 (15... Bxe4 16. Qxe4 O-O
17. Bh6 Re8 18. Rfd1 Ra7 19. Be3 Qa8 20. Qd3 Rc8 21. a4 Bxe3 22. Qxe3 Nc5 23.
Bc2 bxa4 24. Ra3 {1-0 Mowsziszian,K-Jirovsky,M/BL2-N 9293/1993/ (41)}) 16. Bg5
Qb6 17. Rad1 Nf5 18. Bf6 Rg8 19. Nfg5 h5 20. Qe2 Bd4 21. Nf3 Nc5 22. Bc2 Bxb2
23. Nxc5 Qxc5 24. Be4 Bxe4 25. Qxe4 Rc8 26. Qb7 Kf8 27. Ng5 {1-0 Mowsziszian,
K-Rausch,S/Dresden op/1995/}) 11. e5 bxc3 12. exf6 Nxf6 (12... cxb2 13. fxg7
Bxg7 14. Bxb2 c5 15. Qe2 Rg8 16. d5 Bxb2 17. Qxb2 Kf8 18. Rfe1 exd5 19. Ba4 Rb8
20. Bxd7 Qxd7 21. Qf6 d4 22. Ng5 Rxg5 23. Qxg5 Qc6 24. f3 Qd6 {1-0 Quiroga,
F-Kanefsck,G/Buenos Aires Najdorf op (01)/1993/ (30)}) 13. bxc3 Bd6 14. Rb1 Qc7
(14... O-O {Ftacnik} 15. Bxe6 $16) 15. c4 O-O $2 {Schwarz sollte c4-c5
normalerweise nicht zulassen. Strategisch erzwungen war 15...c5 :} (15... c5
16. Ba4+ Ke7 (16... Kf8 {Ftacnik} 17. dxc5 Bxc5 $14) (16... Bc6 17. dxc5 Bxc5
18. Ne5 Bxa4 19. Qxa4+ $16) 17. d5 exd5 (17... Rhd8 18. Qe2) 18. Qe2+ Kf8 {
gibt Weiß Kompensation, aber Schwarz hat Gegenchancen.}) 16. c5 Be7 (16... Bf4
$2 {Ftacnik} 17. Bxf4 Qxf4 18. Bxe6 $16) 17. Bg5 a5 (17... Rad8 $5 18. Qd3 h6
19. Bh4 Rd7 20. Bc2 Rfd8 21. Rb6 $14) 18. Re1 Ba6 (18... Rad8 19. Qd3 $14) 19.
Ne5 $16 {[%csl Ge5,Ra6,Rc6] >< c6, a6} Rad8 20. Qf3 Nd5 (20... Rxd4 21. Nxc6
Rd3 22. Nxe7+ Qxe7 23. Qc6 Bc8 24. Qb6 $16) 21. Bd2 (21. Bxd5 Bxg5) 21... Bf6
22. Bc2 Ne7 (22... Bxe5 {Ftacnik} 23. dxe5 Rb8 24. Qe4 g6 25. Qa4 $16) 23. Qe4
g6 (23... Ng6 {Ftacnik} 24. Nxc6 Rd5 (24... Bb7 25. Rxb7 Qxb7 26. Nxd8 $16) 25.
Rb6 $16) 24. Bf4 Qc8 (24... Bxe5 {Ftacnik} 25. Bxe5 Qd7 26. Bf6 Rc8 27. Bxe7
Qxe7 28. Ba4 Qd7 29. Rb6 $16) 25. Ng4 Bg7 (25... Bxd4 26. Be5 {/\ Nh6} Nf5 (
26... Bxe5 27. Qxe5) 27. Qxf5 $1) 26. Bd6 Nf5 (26... Rfe8 27. Rb8 (27. Qf4 {
Ftacnik} Nd5 28. Nh6+ Bxh6 29. Qxh6 $14) 27... Qd7 28. Ne5 (28. Rxd8 Rxd8 29.
Ne5 Bxe5 30. Bxe5 Nd5) 28... Bxe5 29. Rxd8 $16) 27. Bxf8 Rxd4 28. Qf3 Bxf8 $2 (
28... Kxf8) (28... Kxf8 {Ftacnik} 29. Be4 $16) 29. Bxf5 gxf5 (29... exf5 {
Ftacnik} 30. Nf6+ Kg7 31. Re8 Qc7 32. Ra8 $16) 30. Nf6+ {/\ Qg3} (30. Nf6+ {
Ftacnik} Kh8 (30... Kg7 31. Qg3+ Kxf6 32. Qe5+ $18) 31. Qh5 h6 32. Qxf7 Bg7 33.
Rxe6 $18) 1-0

[Event "Sarajevo Bosnia 30th"]
[Site "Sarajevo"]
[Date "2000.05.29"]
[Round "11"]
[White "Georgiev, Kiril"]
[Black "Bareev, Evgeny"]
[Result "0-1"]
[WhiteElo "2677"]
[BlackElo "2709"]
[Annotator "Lutz,C"]
[PlyCount "80"]
[EventDate "2000.05.17"]
[EventType "tourn"]
[EventRounds "11"]
[EventCountry "BIH"]
[EventCategory "19"]
[SourceTitle "CBM 077"]
[Source "ChessBase"]
[SourceDate "2000.07.27"]
[SourceVersion "1"]
[SourceVersionDate "2000.07.27"]
[SourceQuality "1"]

1. d4 d5 2. c4 c6 3. Nf3 Nf6 4. Nc3 e6 5. e3 Nbd7 6. Qc2 Bd6 7. Bd3 O-O 8. O-O
dxc4 9. Bxc4 a6 10. Rd1 b5 11. Be2 Qc7 12. Ne4 Nxe4 13. Qxe4 Be7 14. Bd2 Bb7
15. Rac1 c5 16. Qg4 $6 $146 {Karpov hatte zweimal in dieser Stellung seine
Dame nach b1 zurückgespielt. Georgiev behält seine Dame am Königsflügel, lädt
dadurch aber Schwarz ein, sich unter Tempo auf diesem Flügel breit zu machen.}
(16. Qb1 Qb6 17. dxc5 Nxc5 18. Bc3 Be4 19. Qa1 b4 20. Bd4 Rac8 21. Nd2 (21. Ne5
$5 Rfd8 22. f3 Bd5 23. b3 f6 24. Nc4 Bxc4 25. Bxc4 Kh8 26. e4 a5 27. Bf2 Rxd1+
28. Rxd1 Rd8 29. g3 Rxd1+ 30. Qxd1 Qd6 31. Qe2 Qe5 32. Kg2 g6 33. Be3 Qc3 34.
Qd2 Qxd2+ 35. Bxd2 Kg7 36. Be3 e5 37. Kf2 f5 38. exf5 gxf5 39. Ke2 a4 40. Bxc5
Bxc5 41. bxa4 e4 42. fxe4 fxe4 43. Bd5 e3 44. a5 Kf6 45. Bf3 Ke5 46. Kd3 h6 47.
h4 Kd6 48. Ke4 Ke6 49. a6 Ba7 50. g4 Bb6 51. Be2 Ba7 52. Bc4+ Kd6 53. Kf5 Kc5
54. Bf1 Kd4 55. g5 hxg5 {1-0 Karpov,A-Illescas Cordoba,M/Barcelona 1999/CBM 71
ext (55)}) 21... Bd5 $11 22. b3 f6 23. Bf3 Bxf3 24. Nxf3 Rfd8 25. Qb1 Qb7 26.
Bxc5 Rxd1+ 27. Rxd1 Rxc5 28. Nd2 Rd5 29. Nc4 f5 30. Rxd5 Qxd5 31. f3 Bf6 32.
Kf2 Kf7 33. Ke2 Ke7 34. Qd3 Qc5 35. Kf1 g6 36. h3 h5 37. Ke2 Qc7 38. f4 Qc6 39.
Kf2 Bh4+ 40. Kf1 Bf6 41. Kf2 Bh4+ 42. Kf1 Bf6 {1/2-1/2 Karpov,A-Kramnik,V/
Frankfurt 1999/CBM 72/[Lutz] (42)}) 16... c4 17. Be1 Rac8 18. Nd2 f5 19. Qh3
Nf6 {Nun wird deutlcih, dass die weiße Dame deplatziert ist.} 20. Nb3 Ne4 21.
Nd2 Nf6 22. Nb3 {Remis ?} Nd5 {Nein !} 23. Ba5 Qb8 24. Nd2 Rf6 $40 {Schwarz
fährt schwere Geschütze auf.} 25. g3 f4 $1 26. e4 (26. exf4 Rh6 27. Qf1 Nxf4
$17 28. gxf4 Rg6+ $19) 26... fxg3 $1 27. exd5 (27. hxg3 $5 Rh6 28. Qg2) 27...
gxh2+ 28. Kh1 Bxd5+ 29. f3 Rcf8 {Das schwarze Figurenopfer wird durch die
sinnlos am Damenflügel platzierten weißen Figuren motiviert.} 30. b3 (30. Ne4
Rg6 31. Bd2 $5 $17) 30... Rh6 31. Qg2 Rg6 32. Qf2 Qf4 $19 33. bxc4 Bh4 34. Bc7
Bxf2 35. Bxf4 Rxf4 36. cxd5 Rh4 $1 {Mit der tödlichen Drohung ...Tg1+.} 37.
Rc8+ Kf7 38. dxe6+ Ke7 39. Rc7+ Kd8 40. Rd7+ Ke8 0-1

[Event "Elgoibar 12th"]
[Site "Elgoibar"]
[Date "2002.12.12"]
[Round "1"]
[White "Mirzoev, Azer"]
[Black "Korneev, Oleg"]
[Result "0-1"]
[WhiteElo "2522"]
[BlackElo "2551"]
[Annotator "Lutz,C"]
[PlyCount "58"]
[EventDate "2002.12.12"]
[EventType "tourn"]
[EventRounds "9"]
[EventCountry "ESP"]
[EventCategory "9"]
[SourceTitle "CBM 093"]
[Source "ChessBase"]
[SourceDate "2003.04.01"]
[SourceVersion "1"]
[SourceVersionDate "2003.04.01"]
[SourceQuality "1"]

1. d4 d5 2. Nf3 Nf6 3. c4 e6 4. Nc3 c6 5. e3 Nbd7 6. Qc2 Bd6 7. Bd3 O-O 8. O-O
dxc4 9. Bxc4 b5 10. Be2 Bb7 11. b3 {Dieser Plan ist äußerst harmlos, da
Schwarz zu einer harmonischen Entwicklung seiner Kräfte kommt.} (11. Rd1 {und})
(11. e4 {sind die kritischen Züge.}) 11... a6 12. Bb2 c5 13. Rac1 cxd4 14. Nxd4
Ne5 15. h3 Qe7 {Die Bauernstellung ist annähernd symmtrisch, daher ist die
Figurenstellung wichtig. Unter dem Aspekt hat Schwarz bereits gute Aussichten,
da seine Figuren harmonisch stehen, während Nc3 und Be2 nicht so gut stehen.
Die Stellung ist noch ausgeglichen, aber mit seinen nächsten beiden Zügen
verschlechtert Weiß seine Stellung.} 16. Qb1 $6 {Der Auftakt zu einem
missratenem Plan.} (16. f4 $11 {und es ist nicht viel los.}) 16... Rad8 17. Qa1
$2 {Konsequent und schlecht. Die Dame-Läufer-Batterie entlang der Diagonalen
a1-h8 entfaltet keine Wirkung, aber andererseits wird sich das Fehlen der
weißen Dame bald schmerzlich am Königsflügel bemerkbar machen.} Bb8 18. Rfd1 $6
{Und eine weitere Figur entfernt sich vom Königsflügel.} (18. f4 $5 $15) 18...
Nfd7 19. Bf1 Qh4 $40 {Merken Sie sich das: Wenn die gegnerische Dame Ihrem
König näher steht als Ihre eigene, so ist das meistens ein schlechtes Zeichen.}
20. Nce2 Ng4 $6 {Inspiriert durch die letzten weißen Züge startet Schwarz
einen Opferangriff und behält Recht. Allerdings sind starke Zweifel angesagt.}
(20... Nf6 $40 {behält den Vorteil ohne materielle Konzessionen.}) 21. g3 Bxg3
$6 (21... Qh5 22. Nc6 Bxc6 23. Rxc6 Nge5 24. Rxa6 Nc5 $44) 22. fxg3 $6 ({
Was war nach} 22. Nxg3 {beabsichtigt ?} Nxe3 23. Rc7 {ist dann jedenfalls
wenig überzeugend für Schwarz.}) 22... Qh6 23. Nc2 (23. Nf4 Nxe3 24. Re1 Nxf1
25. Rxf1 g5 26. Nfe2 e5 27. Nf3 $13) 23... e5 24. Bg2 $2 {Danach kippt die
Stellung zugunsten des Schwarzen.} ({Interessant sind die Folgen von} 24. hxg4
$2 Nf6 $1 (24... Qh1+ $5 {ist zwar chancenreich, aber nicht der beste Zug.} 25.
Kf2 Nf6 {mit der Idee ...Ne4+ und ...Qf3-f2#} 26. Rxd8 Rxd8 27. Rd1 Ne4+ (27...
Rc8 28. Ke1 Bg2 29. Kd2 $13) 28. Ke1 Bd5 29. Bxe5 Qf3 30. Rd4 Qf2+ 31. Kd1
Qxf1+ 32. Ne1 Nf2+ 33. Kd2 Ne4+ $11) 25. Rxd8 (25. Kf2 Qh2+ 26. Ke1 Ne4 $19) (
25. Bg2 Nxg4 26. e4 Bxe4 $19) 25... Rxd8 26. Rd1 Rc8 {und es gibt keine
Verteidigung gegen die Drohung ...Qh1+, ...Ne4+ und ...Qf3.}) (24. Rxd7 $1 {
wirft jedoch einen großen Schatten auf das schwarze Konzept.} Rxd7 25. hxg4 f5
(25... Qh1+ 26. Kf2) 26. Bxe5 Qh1+ (26... fxg4 27. Bf4) 27. Kf2 fxg4+ 28. Bf4
g5 29. Qe5 $36 {und mit dem Eingreifen seiner Dame hat Weiß die Stellung
wieder im Griff.}) 24... Nxe3 25. Bxb7 (25. Nxe3 $2 Qxe3+ 26. Kf1 Bxg2+ $19)
25... Nxd1 26. Bxe5 $2 (26. Rxd1 $8 Qb6+ 27. Ned4 Qxb7 (27... exd4 28. Bg2 d3+
29. Nd4 $13) 28. Nf5 f6 $40 {und Schwarz hat weiterhin Angriff, aber die
Partie ist noch nicht vorbei.}) 26... Nxe5 27. Qxe5 Rfe8 {Jetzt geht ein
Springer verloren.} 28. Qc7 Qd2 29. Bf3 Rc8 0-1

[Event "Poikovsky Karpov 04th"]
[Site "Poikovsky"]
[Date "2003.04.23"]
[Round "4"]
[White "Obodchuk, Andrei"]
[Black "Lautier, Joel"]
[Result "0-1"]
[WhiteElo "2417"]
[BlackElo "2666"]
[Annotator "Lutz,C"]
[PlyCount "82"]
[EventDate "2003.04.20"]
[EventType "tourn"]
[EventRounds "9"]
[EventCountry "RUS"]
[EventCategory "16"]
[SourceTitle "CBM 095"]
[Source "ChessBase"]
[SourceDate "2003.07.25"]
[SourceVersion "1"]
[SourceVersionDate "2003.07.25"]
[SourceQuality "1"]

1. d4 {Ftacnik} d5 2. Nf3 Nf6 3. c4 e6 4. Nc3 c6 5. e3 Nbd7 6. Qc2 Bd6 7. Bd3
O-O 8. O-O dxc4 9. Bxc4 a6 10. Rd1 b5 11. Be2 Qc7 12. e4 e5 13. g3 Re8 14. a3
exd4 (14... c5 $2 15. dxe5 Nxe5 16. Bg5 $16 {1-0 Shipov,S-Savchenko,S/Maikop
1998/CBM 66/[Lutz] (29)}) (14... Bb7 15. Bg5 (15. dxe5 $5 Nxe5 16. Bg5 Nxf3+
17. Bxf3 Be5 18. Bxf6 gxf6 19. Bg4 Rad8 20. Bf5 $16 {1-0 Karpov,A-Kramnik,V/
Amber Rapid 1998/EXP 63 (28)}) 15... exd4 (15... h6 16. dxe5 Bxe5 17. Nxe5 hxg5
18. Nxd7 Nxd7 19. Qd2 Nf6 20. Qxg5 Nxe4 21. Nxe4 Rxe4 22. Bf3 Re5 23. Rd7 Qxd7
24. Qxe5 Re8 25. Qc3 $14 {Epishin,V-Polgar,Z/Madrid 1992/CBM 30/[Ftacnik]/1-0 
(45)}) 16. Nxd4 Be5 17. Nf5 c5 18. Nd5 Nxd5 19. exd5 f6 20. Be3 g6 21. Nh6+ Kg7
22. Ng4 Bd6 23. Bh6+ Kf7 24. a4 c4 25. axb5 axb5 26. Rxa8 Bxa8 27. Ne3 Nc5 28.
Nf5 Bb7 29. Nxd6+ Qxd6 30. Bf4 Qd7 31. Be3 Nd3 32. Bxd3 cxd3 33. Rxd3 Re5 34.
d6 Rd5 35. Rxd5 Bxd5 36. Qc7 {1/2-1/2 Khalifman,A-Anand,V/FIDE-Wch k.o. 1997/
CBM 63}) 15. Nxd4 Be5 (15... Bb7 16. Bf3 Be5 17. Nf5 (17. Bg5 c5 18. Nf5 Nb6
19. Bxf6 Bxf6 20. Nd6 Red8 21. Nxb7 Qxb7 22. Bg2 Be5 23. Kh1 Nc4 24. Rab1 Rxd1+
25. Rxd1 Re8 26. Rb1 Qb6 27. Bf1 Bxc3 28. Bxc4 Bd4 29. Bd5 c4 30. Rd1 Re7 31.
Kg2 Rc7 32. Qd2 Bf6 33. Qe2 Bd4 34. e5 Re7 35. Qg4 {1-0 Shariyazdanov,
A-Yagupov,I/Tula 2001/EXT 2002 (35)}) 17... g6 18. Nh6+ Kg7 19. Bg5 c5 20. Bg2
Bd4 21. Nxb5 axb5 22. Rxd4 Qe5 23. Rxd7 Nxd7 24. Bf4 Qe6 25. Rd1 Nf6 26. Rd6
Bxe4 27. Qc3 b4 28. Qxc5 Rac8 29. Rxe6 Rxc5 30. Rxe8 Bxg2 31. axb4 Rb5 32. Re7
Bf3 33. Be5 Kxh6 34. Bxf6 Rxb4 35. Re3 Bd5 36. f3 Rb3 37. Bc3 {Zeit. 1-0
Epishin,V-Savchenko,S/Bad Woerishofen 1999/EXT 2000 (37)}) 16. Bf3 $6 {Auf f3
steht der Läufer schlecht und verstellt lediglich den Pf2. Es erscheint mir,
als wäre hier 16.Bg5 der beste Zug.} (16. Be3 Bb7 (16... c5 17. Nf5 Nb6 18.
Rac1 Bb7 19. Nd5 Nbxd5 20. exd5 Nxd5 21. Bxc5 Nc3 22. bxc3 Qc6 23. f3 Qxc5+ 24.
Kf1 Qxa3 $19 {0-1 Maherramzade,J-Galkin,A/Linares 2001/CBM 81 (38)}) 17. Bf3 c5
18. Nde2 c4 19. b3 (19. Bg2 Nc5 20. f3 h5 21. Nf4 Rad8 22. Qf2 Nb3 23. Bb6
Rxd1+ 24. Rxd1 Qb8 25. Nfe2 h4 26. Ba7 hxg3 27. hxg3 Qc8 28. Be3 Rd8 29. Nd4
Nxd4 30. Bxd4 Qb8 31. Bxe5 Rxd1+ 32. Nxd1 Qxe5 33. Nc3 Nd7 {1/2-1/2 Epishin,
V-Lautier,J/Germany 1999/EXT 2000 (33)}) 19... cxb3 20. Qxb3 Nc5 21. Bxc5 Qxc5
22. Rac1 Bxc3 23. Nxc3 Rac8 24. a4 Nxe4 25. Bxe4 Bxe4 26. Nxe4 Qxc1 27. Rxc1
Rxc1+ 28. Kg2 Rxe4 29. axb5 axb5 30. Qxb5 Rce1 {1/2-1/2 Ftacnik,L-Svetushkin,D/
Panormo 2001/CBM 84 ext (30)}) (16. Bg5 $5 c5 17. Nf5 g6 18. Nh6+ Kg7 19. Ng4
Nxg4 20. Nd5 Qa7 21. Bxg4 Nf8 22. Bxc8 Raxc8 23. Bf4 Bxf4 24. Nxf4 Qe7 25. f3
Nd7 26. Qc3+ Nf6 27. Rd2 $14 {1-0 Dreev,A-Iskusnyh,S/Smolensk 2000/CBM 77 (47)}
) 16... c5 17. Nde2 c4 {Ftacnik: 'Lautier understands this line very well and
for black it is best to solve the question of the center with the bishop still
on c8.'  Schwarz konnte seine Mehrheit am Damenflügel vorrücken. In den
nächsten Zügen versucht Weiß, das Feld d5 auszunutzen, allerdings ohne viel
Erfolg.} 18. Nf4 Bb7 19. Ncd5 (19. Be3 Bxc3 20. bxc3 Bxe4) 19... Nxd5 20. Nxd5
Bxd5 21. Rxd5 Nb6 22. Rd1 Qe7 23. Rb1 Na4 $15 {Die schwarzen Figuren sind
aktiv postiert, während Weiß mit seinem Läuferpaar wenig anfangen kann.} 24.
Be2 Rac8 {Ftacnik: 'Not even a bishop pair can guarrantee white equal chances,
black pieces are extraordinarily active.'} 25. f4 Qa7+ 26. Kg2 Bd4 27. Bg4 Rcd8
28. Bd2 Qb6 29. Bf3 Nc5 {Steuert das schöne Feld d3 an.} 30. e5 f6 $1 $17 {
Schwarz öffnet Linien für seine Figuren. '!' Ftacnik.} 31. exf6 Qxf6 32. Ba5
Rc8 33. Bg4 {'?!' Ftacnik. Ftacnik: 'Tactical mistake in a difficult position,
black will immediatelly switch to the direct attack against the exposed white
king.'} (33. Bc3 $5 Nd3 34. Bxd4 Qxd4 35. b3 $17 Re3 {Ftacnik} 36. Rf1 (36.
bxc4 Rxc4 37. Qd2 Qc5 $19) 36... Rce8 37. bxc4 bxc4 $17) 33... Nd3 $1 34. Rd2 (
34. Bxc8 Qc6+ 35. Kh3 Nxf4+ $1 36. gxf4 Qf3+ 37. Kh4 Bf6#) (34. Rxd3 cxd3 35.
Qb3+ Rc4 $19) 34... Re3 35. Rf1 Qc6+ $19 36. Kh3 Rf8 {Ftacnik: 'The days of
the king on h3 are numbered, since the enemy controls all the important
strongholds.'} 37. Re2 Rf6 38. Bd8 Rh6+ 39. Bh4 Rxh4+ 40. Kxh4 Qh6+ 41. Bh5 g6
0-1

[Event "RUS-Cup03 Geller Memorial"]
[Site "Moscow"]
[Date "1999.02.10"]
[Round "9"]
[White "Korotylev, Alexey"]
[Black "Iskusnyh, Sergei"]
[Result "1/2-1/2"]
[WhiteElo "2440"]
[BlackElo "2486"]
[Annotator "Lutz,C"]
[PlyCount "47"]
[EventDate "1999.02.10"]
[EventType "swiss"]
[EventRounds "9"]
[EventCountry "RUS"]
[SourceTitle "CBM 070"]
[Source "ChessBase"]
[SourceDate "1999.06.08"]
[SourceVersion "1"]
[SourceVersionDate "1999.06.08"]
[SourceQuality "1"]

1. d4 d5 2. c4 c6 3. Nc3 Nf6 4. e3 e6 5. Nf3 Nbd7 6. Qc2 Bd6 7. Bd3 O-O 8. O-O
dxc4 9. Bxc4 a6 10. Rd1 Qe7 11. Ne4 (11. h3 b5 12. Bd3 c5 13. Ne4 c4 14. Nxd6
Qxd6 15. Be2 Bb7 16. Bd2 Rfc8 17. Rdc1 Ne4 18. Ba5 f5 19. Qd1 Bd5 20. Qe1 Qe7
21. a4 Ng5 22. Nxg5 Qxg5 23. Bf1 Nf6 24. axb5 axb5 25. Bd2 Ne4 26. Bb4 h6 27.
Rxa8 Rxa8 28. Ra1 Rxa1 29. Qxa1 Kh7 30. Qe1 Qg6 31. Be7 Qf7 32. Ba3 Qa7 33. Qb4
f4 34. Qe1 f3 35. gxf3 Ng5 36. Qb1+ Kh8 37. Bg2 Nxf3+ 38. Bxf3 Bxf3 39. Bd6 Qf7
40. Kh2 Ba8 41. Qg1 Kh7 42. Qg3 b4 43. f3 b3 44. Bb4 Bxf3 45. Qf4 Qb7 {Karpov,
A-Anand,V/Brussels 1991/Candidates/1/2-1/2 (77)}) 11... Nxe4 12. Qxe4 e5 $146 (
12... c5 13. Bd2 Nf6 14. Qh4 b5 15. dxc5 {1/2-1/2 Marin,M-Szuhanek,R/Bucuresti
1998/CBM 69_07 (15)}) 13. Bd2 Nf6 14. Qh4 e4 15. Ne5 $5 {Ein ähnliches
Bauernopfer wurde in der bekannten Partie Botvinnik,M-Euwe/Wch18-NLD 1948
angewandt. In der vorliegenden Partie kann Weiß jedoch nicht auf einen Vorteil
rechnen.} Bxe5 (15... Be6 $5 {kommt auch in Betracht.}) 16. dxe5 Qxe5 17. Bc3
Qf5 18. Rd6 {Weiß hat aufgrund seines starken Bc3 und seines
Entwicklungsvorsprung Kompensation für den Bauern - mehr aber auch nicht.} (18.
Bxf6 Qxf6) 18... Be6 19. Bxf6 Bxc4 (19... Qxf6 20. Qxf6 gxf6 21. Bxe6 fxe6 22.
Rxe6 $14 Rae8 23. Rxe8 Rxe8 24. Rd1 $14) (19... gxf6 20. Bxe6 fxe6 21. Rad1 $5
(21. g4 Qg6 22. Rxe6 Rad8 $13) (21. Rd4 Rad8 $13)) 20. g4 Qc5 21. Bxg7 Kxg7 (
21... Qxd6 $2 22. Bf6 Rfc8 23. Qh6 $18) 22. Qf6+ Kg8 23. Rc1 Qb5 24. Rxc4 (24.
Rxc4 Qxc4 25. Qg5+ $11) 1/2-1/2

[Event "NED-ch54"]
[Site "Rotterdam "]
[Date "1999.06.04"]
[Round "6"]
[White "Van Wely, Loek"]
[Black "Van der Wiel, John"]
[Result "1/2-1/2"]
[WhiteElo "2632"]
[BlackElo "2526"]
[Annotator "Lutz,C"]
[PlyCount "127"]
[EventDate "1999.05.29"]
[EventType "tourn"]
[EventRounds "11"]
[EventCountry "NED"]
[EventCategory "12"]
[SourceTitle "CBM 072"]
[Source "ChessBase"]
[SourceDate "1999.10.01"]
[SourceVersion "1"]
[SourceVersionDate "1999.10.01"]
[SourceQuality "1"]

1. d4 Nf6 2. c4 c6 3. Nc3 d5 4. e3 e6 5. Nf3 Nbd7 6. Qc2 Bd6 7. Bd3 dxc4 8.
Bxc4 O-O 9. O-O a6 10. a4 c5 11. Rd1 Qc7 12. Ne4 Nxe4 13. Qxe4 Nf6 14. Qh4 cxd4
15. Bd3 Qa5 $5 $146 {Ein Verbesserungsversuch gegnüber einer Partie von Anand.
Durch ...Qh5 soll die aktive weiße Dame neutralisiert werden. Allerdings
behält Weiß etwas Vorteil im Endspiel.} (15... h6 16. exd4 $6 (16. e4 $5) 16...
Nd5 17. Bd2 Qe7 18. Bg5 f6 19. Qe4 fxg5 20. Qh7+ Kf7 21. Qg6+ {1/2-1/2
Zvjaginsev,V-Anand,V/Tilburg 1998/EXT 99/[Lutz] (21)}) 16. Nxd4 Bd7 17. Bd2 Qh5
18. Qxh5 Nxh5 19. Be4 Rab8 20. Bc3 Nf6 21. Bf3 Rfd8 22. Nb3 (22. Nb5 Bxb5 23.
axb5 axb5 $11) (22. Nf5 Bc7 $5) 22... Bc7 23. Nc5 (23. Bxf6 gxf6 24. Nc5 Bc8
25. Ne4 (25. Rxd8+ Bxd8 26. Rd1 Bb6 $132) 25... f5 26. Rxd8+ Bxd8 27. Nd6 Bd7
28. Nxb7 Bf6 $132) 23... Nd5 24. Bxd5 exd5 25. Nxd7 Rxd7 $14 {Weiß hat
aufgrund des Isolanis d5 leichten Vorteil, mahr aber auch nicht.} 26. Rd3 Rbd8
27. Rad1 f5 28. f3 Kf7 29. Bd4 Ba5 30. Rc1 Rc7 31. Rxc7+ Bxc7 32. Rc3 Rd7 33.
Kf2 h5 34. f4 Ke6 35. Kf3 g6 36. g3 Kf7 37. h3 Ke6 38. Rc2 Rh7 39. Rg2 Bd8 40.
b3 Ba5 41. g4 hxg4+ 42. hxg4 Bd8 43. g5 Rh3+ 44. Ke2 Bc7 45. Rg1 Rh2+ 46. Kf3
Bd6 47. Rc1 Kd7 48. Kg3 Rh7 49. Bb6 Rh8 50. Kg2 Rh7 51. b4 Re7 52. b5 Re4 53.
Rh1 Rxa4 54. Rh7+ Be7 55. Bc5 Re4 56. bxa6 bxa6 57. Rg7 a5 58. Kf3 a4 59. Bxe7
Rxe7 60. Rxg6 Re6 61. Rg7+ Re7 62. Rg6 Re6 63. Rg7+ Re7 64. Rg6 1/2-1/2

[Event "Sigeman & Co 07th"]
[Site "Malmo"]
[Date "1999.06.12"]
[Round "5"]
[White "Akesson, Ralf"]
[Black "Lautier, Joel"]
[Result "1/2-1/2"]
[WhiteElo "2530"]
[BlackElo "2596"]
[Annotator "Lutz,C"]
[PlyCount "60"]
[EventDate "1999.06.??"]
[EventType "tourn"]
[EventRounds "9"]
[EventCountry "SWE"]
[EventCategory "14"]
[SourceTitle "CBM 072"]
[Source "ChessBase"]
[SourceDate "1999.10.01"]
[SourceVersion "1"]
[SourceVersionDate "1999.10.01"]
[SourceQuality "1"]

1. d4 d5 2. c4 c6 3. Nc3 Nf6 4. e3 e6 5. Nf3 Nbd7 6. Qc2 Bd6 7. Bd3 O-O 8. O-O
h6 $5 {Eine weniger gebräuchliche Variante.} (8... dxc4) 9. Rd1 Qe7 10. Bd2 (
10. c5 Bb8 11. e4 e5 12. exd5 Nxd5 13. Bf1 Nxc3 14. bxc3 e4 15. Re1 Nf6 16. g3
Bf5 17. Bb2 Bh7 18. Qb3 Ng4 $13 {0-1 Spraggett,K-Bacrot,E/Enghien Les Bains
1997/CBM 58/[Lutz] (41)}) (10. e4 dxe4 11. Nxe4 Nxe4 12. Bxe4 Nf6 $2 13. c5 $1
Nxe4 14. Qxe4 Bc7 15. Bf4 $1 $14 {0-1 Tsesarsky,I-Erenburg,S/Petah-Tikva 1999/
CBM 71/[Tsesarsky] (60)}) (10. h3 b6 11. cxd5 $1 cxd5 12. Nb5 $14 {1-0 Karpov,
A-Pelletier,Y/Biel 1997/CBM 60/[Lutz] (51)}) 10... Re8 11. c5 Bb8 12. e4 e5 {
Schwarz ist gut vorbereitet für diesen Zug. Dank ...h7-h6 muß er nicht mit Bg5
rechnen.} 13. exd5 cxd5 14. Re1 Qd8 15. dxe5 Nxe5 16. Nxe5 Bxe5 17. Re2 $2 {
Nun kommt Schwarz in Vorteil.} (17. h3 $5 Bd7 18. Re2 Qc7 19. Rae1 $11) 17...
Bg4 {Provoziert eine Schwächung.} 18. f3 Bd7 19. Kh1 Qc7 20. Nb5 Bxb5 21. Bxb5
Rec8 $17 22. Qf5 (22. Rae1 Bxh2 {/\ ...Qg3-h4}) 22... Bxb2 23. Rb1 (23. Bf4
Bxa1 (23... g6 $5 24. Bxc7 gxf5 25. Rxb2 Rxc7 $17) 24. Bxc7 Rxc7 $17) 23... Bd4
24. Rc1 Bxc5 $6 {Nach 24...a6 hat Weiß nicht genügend Kompensation für den
Bauern.} (24... a6 25. Ba4 (25. Bd3 Re8) 25... b5 26. Bb3 Qc6 $17) 25. Bxh6 Qb6
$5 {Dieser Zug führt forciert zum Unentschieden. 25...gxh6!? verdient
Beachtung.} (25... gxh6 $5 26. Qxf6 Qb6 27. Qxb6 Bxb6 28. Rxc8+ Rxc8 29. Re8+
Rxe8 30. Bxe8 {sollte wahrscheinlich zum Remis führen, wenngleich Schwarz
einen Bauern mehr hat.}) 26. Bxg7 {Andernfalls hat Schwarz einen Bauern mehr.}
Kxg7 27. Qg5+ Kh8 (27... Kf8 28. Qh6+ Kg8 29. Qg5+) 28. Qh4+ Kg8 (28... Nh7 $2
29. Bd3 f5 30. Bxf5 Rc7 31. Rce1 Rf7 (31... Qf6 32. Re8+ Rxe8 33. Rxe8+ Bf8 34.
Qxf6+ Nxf6 35. Rxf8+ Kg7 36. Rc8 $18) 32. Re8+ Bf8 33. Rxa8 Rxf5 34. h3 $16)
29. Qg5+ Kh8 30. Qh4+ Kg8 1/2-1/2